000 00536cam a2200193 a 4500
020 _a0070530815 :
040 _cDLC
082 0 0 _a633 OILC 1989 C077 Or.
245 0 0 _aOil crops of the world :
_btheir breeding and utilization /
260 _aNew York :
_bMcGraw-Hill,
_cc1989.
300 _axviii, 553 p. :
_bill., maps ;
_c24 cm.
650 0 _aOilseed plants.
650 0 _aOilseed plants
650 0 _aOilseed products.
700 1 _aRöbbelen, Gerhard.
700 1 _aDowney, R. Keith.
700 1 _aAshri, A.
942 _cAEDBB
999 _c21343
_d21343